Théories relativistes de la gravitation et de l'électromagnétisme. Relativité générale et théories unitaires
Uloženo v:
| Hlavní autor: | |
|---|---|
| Médium: | Kniha |
| Jazyk: | francouzština |
| Vydáno: |
París
Masson
1955
|
| Témata: | |
| Tagy: |
Přidat tag
Žádné tagy, Buďte první, kdo vytvoří štítek k tomuto záznamu!
|
MARC
| LEADER | 00000nam a2200000 a 4500 | ||
|---|---|---|---|
| 001 | UCT2135 | ||
| 003 | CL-VaPUC | ||
| 008 | 961004e19550000FR |||||||||||||||||fre|d | ||
| 082 | 0 | 4 | |a 530.14 |b LIC |2 21 |
| 100 | |a Lichnerowicz, André |e author |9 536971 | ||
| 245 | 1 | 0 | |a Théories relativistes de la gravitation et de l'électromagnétisme. Relativité générale et théories unitaires |
| 300 | |a 298 p | ||
| 942 | |c BK | ||
| 945 | |d 19961004 00:00:00 |a paguirre | ||
| 260 | |a París |b Masson |c 1955 | ||
| 650 | 0 | |a Teoría de la relatividad |9 266149 | |
| 650 | 0 | |a Física teórica |9 345827 | |
| 650 | 0 | |a Gravitación |9 332312 | |
| 650 | 0 | |a Electromagnetismo |9 260123 | |
| 650 | 0 | |a Relatividad |9 269977 | |
| 650 | 0 | |a Espacio |9 336785 | |
| 650 | 0 | |a Tiempo |9 267892 | |
| 583 | |a last modification |c 19961004 00:00:00 |k Rodrigo Vera | ||
| 999 | |c 252386 |d 252384 | ||